Managerial Finance and Accounting (Record no. 2051)

MARC details
005 - DATE AND TIME OF LATEST TRANSACTION
control field 20250506154141.0
020 ## - INTERNATIONAL STANDARD BOOK NUMBER
International Standard Book Number 978-93-5084-873-9
082 ## - DEWEY DECIMAL CLASSIFICATION NUMBER
Classification number 658.151 SIN
100 ## - MAIN ENTRY--PERSONAL NAME
Author name SINGH, C .
245 ## - TITLE STATEMENT
Title Managerial Finance and Accounting
260 ## - PUBLICATION, DISTRIBUTION, ETC.
Place of publication, distribution, etc. New Delhi,
Name of publisher, distributor, etc. Centrum Press,
Date of publication, distribution, etc. 2016.
300 ## - PHYSICAL DESCRIPTION
Extent viii, 280p.: ill.;
Other physical details bibliography, index,
Dimensions 23cm.
856 ## - ELECTRONIC LOCATION AND ACCESS
Link text Access Online Book
Electronic name Finance
Path www.centrumpress.com
942 ## - ADDED ENTRY ELEMENTS (KOHA)
Source of classification or shelving scheme Dewey Decimal Classification
Koha item type Books
Holdings
Date last seen Total checkouts Full call number Barcode Cost, replacement price Price effective from Koha item type Lost status Source of classification or shelving scheme Damaged status Not for loan Withdrawn status Home library Current library Shelving location Date acquired Cost, normal purchase price
05/06/2025   658.151 SIN 0000007840 135000.00 05/06/2025 Books   Dewey Decimal Classification       College of Business Education Main Library College of Business Education Main Library General Collection 10/27/2017 45000.00
05/06/2025   658.151 SIN 0000007841 135000.00 05/06/2025 Books   Dewey Decimal Classification       College of Business Education Main Library College of Business Education Main Library General Collection 10/27/2017 45000.00
05/06/2025   658.151 SIN 0000007842 135000.00 05/06/2025 Books   Dewey Decimal Classification       College of Business Education Main Library College of Business Education Main Library General Collection 10/27/2017 45000.00
05/06/2025   658.151 SIN 0000007843 135000.00 05/06/2025 Books   Dewey Decimal Classification       College of Business Education Main Library College of Business Education Main Library General Collection 10/27/2017 45000.00
06/02/2025   658.151 SIN 00000010630 135000.00 06/02/2025 Books   Dewey Decimal Classification       College of Business Education Main Library College of Business Education Main Library Special Reserve Collection 10/27/2017 45000.00